000 00426nam a2200133Ia 4500
003 GCL
008 140319s9999 xx 000 0 ara d
040 _aGCL /
_cGCL
082 0 4 _a190
_bا ف
100 1 _aامام عبدالفتاح امام
245 1 0 _aالفيلسوف المسيحى والمرأة /
_cامام عبدالفتاح امام
300 _a189 ص
490 _aالفيلسوف المسيحى والمرأة
_v0
999 _c48289
_d48289